The rhetorical act : thinking, speaking and writing critically. / (Record no. 9970)
[ view plain ]
| 000 -LEADER | |
|---|---|
| fixed length control field | 01585pam a2200325 a 4500 |
| 001 - CONTROL NUMBER | |
| control field | 1614098 |
| 003 - CONTROL NUMBER IDENTIFIER | |
| control field | OSt |
| 005 - DATE AND TIME OF LATEST TRANSACTION | |
| control field | 20230801135925.0 |
| 008 - FIXED-LENGTH DATA ELEMENTS--GENERAL INFORMATION | |
| fixed length control field | 950119s1996 cau b 001 0 eng |
| 010 ## - LIBRARY OF CONGRESS CONTROL NUMBER | |
| LC control number | 95005414 |
| 020 ## - INTERNATIONAL STANDARD BOOK NUMBER | |
| International Standard Book Number | 9781133313793 |
| 020 ## - INTERNATIONAL STANDARD BOOK NUMBER | |
| International Standard Book Number | 1133313795 |
| 040 ## - CATALOGING SOURCE | |
| Original cataloging agency | DLC |
| Transcribing agency | DLC |
| Modifying agency | DLC |
| 050 00 - LIBRARY OF CONGRESS CALL NUMBER | |
| Classification number | PN187.C18 |
| 082 00 - DEWEY DECIMAL CLASSIFICATION NUMBER | |
| Classification number | 808 |
| Edition number | 20 |
| 100 1# - MAIN ENTRY--PERSONAL NAME | |
| Personal name | Campbell, Karlyn Kohrs |
| 9 (RLIN) | 2173 |
| 245 14 - TITLE STATEMENT | |
| Title | The rhetorical act : thinking, speaking and writing critically. / |
| Statement of responsibility, etc. | Karlyn Kohrs Campbell, Susan Schultz Huxman, Thomas R. Burkholder |
| 250 ## - EDITION STATEMENT | |
| Edition statement | 5th ed. |
| 260 ## - PUBLICATION, DISTRIBUTION, ETC. | |
| Place of publication, distribution, etc. | London : |
| Name of publisher, distributor, etc. | Cengage Learning, |
| Date of publication, distribution, etc. | 2015. |
| 300 ## - PHYSICAL DESCRIPTION | |
| Extent | xxii, 357 p. : |
| Other physical details | ill. ; |
| 504 ## - BIBLIOGRAPHY, ETC. NOTE | |
| Bibliography, etc. note | Includes bibliographical references and index. |
| 505 ## - FORMATTED CONTENTS NOTE | |
| Formatted contents note | Contents: Rhetorical perspective -- Reading rhetorical acts -- Crafting your rhetorical act -- The resources of evidence -- The resources of argument -- The resources of organization -- The resources of language -- Challenges arising from the audience -- Challenges arising from the subject and purpose -- Opportunities and challenges arising form the rhetor -- Understanding evaluation -- Understanding visual rhetoric -- Understanding the medium of transmission -- Understanding occasion -- |
| 650 #0 - SUBJECT ADDED ENTRY--TOPICAL TERM | |
| Topical term or geographic name entry element | Rhetorical criticicm |
| 9 (RLIN) | 2174 |
| 650 #0 - SUBJECT ADDED ENTRY--TOPICAL TERM | |
| Topical term or geographic name entry element | Media literacy |
| 9 (RLIN) | 2175 |
| 650 #0 - SUBJECT ADDED ENTRY--TOPICAL TERM | |
| Topical term or geographic name entry element | Public speaking |
| 9 (RLIN) | 715 |
| 700 ## - ADDED ENTRY--PERSONAL NAME | |
| Personal name | Huxman, Susan Schultz |
| 9 (RLIN) | 2176 |
| 700 ## - ADDED ENTRY--PERSONAL NAME | |
| Personal name | Burkholder, Thomas R. |
| 9 (RLIN) | 2177 |
| 942 ## - ADDED ENTRY ELEMENTS (KOHA) | |
| Source of classification or shelving scheme | Library of Congress Classification |
| Koha item type | Books |
| Withdrawn status | Lost status | Source of classification or shelving scheme | Damaged status | Not for loan | Home library | Current library | Shelving location | Date acquired | Total Checkouts | Full call number | Barcode | Date last seen | Price effective from | Koha item type |
|---|---|---|---|---|---|---|---|---|---|---|---|---|---|---|
| Library of Congress Classification | WISCONSIN INTERNATIONAL UNIVERSITY COLLEGE, GHANA KUMASI LIBRARY | WISCONSIN INTERNATIONAL UNIVERSITY COLLEGE, GHANA KUMASI LIBRARY | General Stacks | 14/03/2023 | PN187.C18(5e) | K/3062/0160/23 | 01/08/2023 | 01/08/2023 | Books |
